000 00416nam a2200181Ia 4500
001 13769
005 20260306164825.0
008 260306t2012||||xx |||||||||||||| ||spa||
041 _aESP
082 _a005.133J
_bD46
100 _aDeitel, Paul
_eAUT
245 0 _aCómo programar en java
260 _c2012
300 _a468 páginas :
_c25 cm.
650 _aGEN
654 _aCCC
942 _cLIB
_dJUS
_fJUS
_2ddc
_n
999 _c13769
_d13769